Карта Дальнего Востока (Запись № 13348801)
[ простой вид ]
| 000 -МАРКЕР | |
|---|---|
| контрольное поле | 01453nam0a2200241 4500 |
| 001 - ИДЕНТИФИКАТОР ЗАПИСИ | |
| контрольное поле | RU\NLR\BIBL_A\022436691 |
| 005 - ИДЕНТИФИКАТОР ВЕРСИИ | |
| контрольное поле | 20250627130944.0 |
| 035 ## - ДРУГИЕ СИСТЕМНЫЕ НОМЕРА | |
| Идентификатор записи | (NLR Aleph) 022436691 |
| 100 ## - ДАННЫЕ ОБЩЕЙ ОБРАБОТКИ | |
| Данные общей обработки | 20250127d1913 |||y0rusy50 ca |
| 101 0# - ЯЗЫК РЕСУРСА | |
| Язык текста, звукозаписи и т.д. | русский |
| 102 ## - СТРАНА ПУБЛИКАЦИИ ИЛИ ПРОИЗВОДСТВА | |
| Страна публикации | Российская Федерация |
| 200 1# - ЗАГЛАВИЕ И СВЕДЕНИЯ ОБ ОТВЕТСТВЕННОСТИ | |
| Основное заглавие | Карта Дальнего Востока |
| Общее обозначение материала | Карты |
| Параллельное заглавие | Алфавитный указатель географических имен, помещенных на карте |
| 210 ## - ПУБЛИКАЦИЯ, РАСПРОСТРАНЕНИЕ И ДР. | |
| Место издания, распространения и т.д. | С.-Петербург [Санкт-Петербург] |
| Дата издания, распространения и т.д. | 1913 |
| Имя изготовителя | типография В. Д. Смирнова |
| 215 ## - ФИЗИЧЕСКАЯ ХАРАКТЕРИСТИКА | |
| Специфическое обозначение материала и объем | 1 т. (71 с.) |
| 320 ## - ПРИМЕЧАНИЯ О НАЛИЧИИ В ДОКУМЕНТЕ БИБЛИОГРАФИИ / УКАЗАТЕЛЯ | |
| Текст примечания | Библиогр.: с. 10-15 |
| 488 #0 - ДРУГИЕ ВЗАИМОСВЯЗАННЫЕ ПРОИЗВЕДЕНИЯ (ДОКУМЕНТЫ) | |
| Встроенное поле | 001RU\NLR\BIBL_A\022436689 |
| -- | 2001#$aКарта Дальнего Востока$bКарты$fсоставил Л. Бородовский |
| -- | 210##$aСанкт-Петербург$cКартографическое заведение А. Ильина$d1904 |
| Системный номер (АБИС) связанной записи | 13348799 |
| Место публикации | Санкт-Петербург |
| Дата публикации | 1904 |
| Издание | Издание второе |
| Первые сведения об ответственности | составил Л. Бородовский |
| Имя издателя, распространителя и т.д. | Картографическое заведение А. Ильина |
| Физическая характеристика | 1 к |
| Заглавие | Карта Дальнего Востока: Карты |
| 607 ## - ГЕОГРАФИЧЕСКОЕ НАИМЕНОВАНИЕ КАК ПРЕДМЕТ | |
| Географическое наименование | Дальний Восток |
| Формальный подзаголовок | Указатели |
| Системный номер авторитетной/нормативной записи | 992118 |
| Идентификатор авторитетной/нормативной записи | RU\NLR\AUTH\6657036 |
| 701 #1 - ИМЯ ЛИЦА - АЛЬТЕРНАТИВНАЯ ОТВЕТСТВЕННОСТЬ | |
| Начальный элемент ввода | Бородовский |
| Часть имени, кроме начального элемента ввода | Л. И. |
| Даты | 1870-1906 |
| Расширение инициалов личного имени | Леонид Иванович |
| 852 ## - МЕСТОНАХОЖДЕНИЕ И ШИФР ХРАНЕНИЯ | |
| Идентификатор организации | NLR |
| Наименование фонда или коллекции (Sub-Location Identifier) | К |
| Шифр хранения (Call Number) | Алф/21 |
| Идентификатор единицы | 18573 |
| 942 ## - ДОПОЛНИТЕЛЬНЫЕ ЭЛЕМЕНТЫ ЗАПИСИ (АБИС) | |
| Тип экземпляра АБИС | Карта |
| 980 ## - КОЛЛЕКЦИЯ | |
| Название коллекции | Национальная библиография |
Нет доступных экземпляров.